00770nam a22002177a 450000500170000000800440001702000190006105000210008010000300010124501130013125000110024426000480025530000220030349000350032550400550036060000300041560000240044565000220046965000230049165000380051420220509122510.0220509b ag ||||| |||| 00| 0 spa d a 978987107473004aJC423 P37 b20091 aPastore, María, d1966-10aNeocontractualismo y nuevo espacio público : bla salida de la democracia deliberativac/ María Pastore. a1a ed. aBuenos Aires :bEdiciones del Signo,c2009. a161 p. ; c20 cm. aColección Razón política aIncluye referencias bibliográficas (p. 141-161).1 aRawls, John, d1921-2002.1 aHabermas, Jürgen. 72Lemb aDemocracia 72Lemb aLiberalismo 72Lemb aParticipación política